000 00242nam a22000977a 4500
008 170126b xxu||||| |||| 00| 0 eng d
041 _aeng
080 _a61
245 _aTECHNIQUE OF INTERNAL FIXATION OF FRACTURES
_cMULLER, M.E
942 _2udc
_cBK
999 _c3776
_d3776